000
00308nam a22001337a 4500
008
170418b xxu||||| |||| 00| 0 eng d
020
_a
9780805366273
041
_a
eng
080
_2
4TH
_a
573
100
_a
10
101
_a
SHM
245
_a
BIOLOGY CONCEPTS & CONNECTIONS
_c
CAMPBELL, N.A
942
_2
udc
_c
BK
999
_c
10932
_d
10932